Latin American and Caribbeans Studies in The Netherlands /

Se realiza un análisis comparativo de los conflictos políticos en América Latina a partir de diferentes procesos históricos que han sido recopilados por varios investigadores. Se resalta la importancia del régimen democrático de cada país que alimenta de forma directa el desarollo de grupos militare...

ver descrição completa

Na minha lista:
Detalhes bibliográficos
Autor principal: Braud, Michiel
Formato: Texto
Assuntos:
Tags: Adicionar Tag
Sem tags, seja o primeiro a adicionar uma tag!

MARC

LEADER 00000 a a2200000 04500
001 16262
003
040
100 |a Braud, Michiel  
245 |a Latin American and Caribbeans Studies in The Netherlands /  |c Michiel Braud 
520 |a Se realiza un análisis comparativo de los conflictos políticos en América Latina a partir de diferentes procesos históricos que han sido recopilados por varios investigadores. Se resalta la importancia del régimen democrático de cada país que alimenta de forma directa el desarollo de grupos militares, paramilitares o guerrillas  
650 |a CIENCIAS SOCIALES  
650 |a ANALISIS HISTORICO  
650 |a INVESTIGACION INTERDISCIPLINARIA  
650 |a INVESTIGACION CIENTIFICA  
650 |a DESARROLLO CIENTIFICO  
650 |a AMERICA LATINA  
650 |a FINLANDIA  
650 |a AMERICA LATINA  
650 |a HOLANDA  
773 |g número 72; páginas 139-160  
999 |c 29120  |d 29120